Movies Quiz

Random Movies or Disney Quiz
Score 0/20 Timer 05:00
0 Plays Today
% Correct
The Little Mermaid
97.5%
Beauty and the Beast
95%
Aladdin
93.4%
Monsters, Inc
92.6%
Lilo and Stitch
90.9%
Toy Story
89.3%
Frozen
87.6%
Wall-E
87.6%
Hercules
86.8%
Sleeping Beauty
83.5%
% Correct
Hunchback of Notre Dame
82.6%
Mulan
82.6%
Alice in Wonderland
81.8%
The Nightmare Before Christmas
79.3%
Pocahontas
77.7%
Big Hero 6
74.4%
Dumbo
73.6%
Chicken Little
53.7%
Wreck-It Ralph
52.9%
Enchanted
52.1%
Remove Ads.
Support Sporcle.
Get the best of Sporcle when you Go Orange. This ad-free experience offers more features, more stats, and more fun while also helping to support Sporcle. Thank you for becoming a member.

You're not logged in!

Compare scores with friends on all Sporcle quizzes.
OR
Log In

Show Comments

Extras

Created Dec 14, 2014ReportNominate
Tags:Disney Quiz, creature

Top Quizzes Today


Score Distribution

Your Account Isn't Verified!

In order to create a playlist on Sporcle, you need to verify the email address you used during registration. Go to your Sporcle Settings to finish the process.

Report this User

Report this user for behavior that violates our Community Guidelines.

Details: